=LDR 00000nam 2200000 4500 =001 INLIS000000000019141 =005 20130612114236 =008 ***********************************Ind** =035 ##$$0010-061300000019141 =041 ##$$a Ind =082 ##$$a 823 =090 ##$$a 823, Dic g =100 ##$$a Dickens, Charles =245 ##$$a Great expectations, Charles Dickens =260 ##$$a 1982 $b London =300 ##$$a vii, 235 hlm, 21 cm =650 ##$$a Fiksi Inggris =850 ##$$a NBPNMAT